Transform methods for solving partial differential equations, second edition / (Record no. 28904)

000 -LEADER
fixed length control field 00548 a2200181 4500
003 - CONTROL NUMBER IDENTIFIER
control field NUST
005 - DATE AND TIME OF LATEST TRANSACTION
control field 20180118153550.0
008 - FIXED-LENGTH DATA ELEMENTS--GENERAL INFORMATION
fixed length control field 180118b xxu||||| |||| 00| 0 eng d
020 ## - INTERNATIONAL STANDARD BOOK NUMBER
International Standard Book Number 1584884517
020 ## - INTERNATIONAL STANDARD BOOK NUMBER
International Standard Book Number 9781584884514
082 04 - DEWEY DECIMAL CLASSIFICATION NUMBER
Classification number 515.353
100 1# - MAIN ENTRY--PERSONAL NAME
Personal name Duffy, Dean G.
9 (RLIN) 8868
245 10 - TITLE STATEMENT
Title Transform methods for solving partial differential equations, second edition /
Statement of responsibility, etc. Dean G. Duffy.
250 ## - EDITION STATEMENT
Edition statement 2nd ed.
260 ## - PUBLICATION, DISTRIBUTION, ETC.
Place of publication, distribution, etc. [S.l.] :
Name of publisher, distributor, etc. Chapman and Hall/CRC,
Date of publication, distribution, etc. 2004.
300 ## - PHYSICAL DESCRIPTION
Extent 728 p. ;
Dimensions 25 cm.
490 1# - SERIES STATEMENT
Series statement Symbolic & numeric computation.
830 #0 - SERIES ADDED ENTRY--UNIFORM TITLE
Uniform title Symbolic & numeric computation.
9 (RLIN) 8869
942 ## - ADDED ENTRY ELEMENTS (KOHA)
Institution code [OBSOLETE] SNS
Koha item type Book
Call number prefix 515.353 DUF
Source of classification or shelving scheme
Holdings
Withdrawn status Lost status Damaged status Not for loan Permanent Location Current Location Date acquired Total Checkouts Full call number Barcode Date last seen Price effective from Koha item type
        School of Natural Sciences (SNS) School of Natural Sciences (SNS) 05/26/2016   515.353 DUF SNS0000176 05/26/2016 05/26/2016 Book
© 2023 Central Library, National University of Sciences and Technology. All Rights Reserved.